000 00812nam a22002177a 4500
999 _c13816
_d13816
008 190417b ||||| |||| 00| 0 eng d
020 _a9781119960515
082 _22014
_aAV-Eb 658.4013
_bG778
100 _aGray, Dina.
_938400
245 _aMeasurement madness:
_bavoiding performance management pitfalls /
_cDina Gray, Veronica Martinez, and Pietro Micheli.
260 _bJohn Wiley & Sons, Incorporated,
_c©2014.
300 _a240 pages;
500 _aIncludes index.
650 _aAccounting.
_938401
650 _aManagerial accounting.
_938402
650 _aPerformance -- Measurement.
_938403
700 _aMartinez, Veronica.
_938404
700 _aMicheli, and Pietro.
_938405
856 _yhttps://ebookcentral.proquest.com/lib/uniofmindanao-ebooks/detail.action?docID=818563
942 _2ddc
_cEB